00598cam a2200181 a 450000100100000000500170001000800410002702000150006804000180008308200200010110000300012124500520015126000750020330000210027858600650029965000250036465000270038900000808120200929154426.0990505s1998 ec 001 j spa  a9978620982 aDO-SdBNPcDLC aEc863.44bL579r1 aLeón Mancheno, Vinicio.14aLos relojes blandos /cVinicio León Mancheno. aEcuador :bCasa de la Cultura Ecuatoriana "Benjamin Carrión",c1998. a169 p. ;c21 cm. aPremio IV Bienal del Cuento Ecuatoriano Pablo Palacios, 1997 4aCuentos ecuatorianos 4aLiteratura ecuatoriana